000
00287 a2200121 4500
001
86969
082
_a
358.4 CCS
090
_c
40967
_d
40967
100
_a
Combat Commander School, PAF
245
_a
TAC EDGE (Vol IV)
_h
English
260
_a
CCS PAF
_b
CCS PAF
_c
2003
300
_a
65p
942
_a
CAE NUST
_c
PER
_k
358.4 CCS
999
_c
322042
_d
322042